[Event "4NCL Division 4 South"]
[Site "Reading, ENG"]
[Date "2017.11.11"]
[Round "1.204"]
[White "Duggan, Christopher"]
[Black "Jermy, Jaden"]
[Result "1-0"]
[WhiteElo "2018"]
[BlackElo "1795"]
[PlyCount "75"]
[EventDate "2017.11.11"]
[WhiteTeam "Oxford 3"]
[BlackTeam "Iceni 2"]

1. e4 c5 2. Nf3 d6 3. c3 Nf6 4. Be2 Nc6 5. d4 cxd4 6. cxd4 Nxe4 7. d5 Qa5+ 8.
Nc3 Nxc3 9. bxc3 Nb8 10. O-O Nd7 11. Re1 Nf6 12. Qb3 g6 13. Bb5+ Nd7 14. Bxd7+
Kxd7 15. Ng5 h6 16. Nf3 Bg7 17. Bd2 b6 18. c4 Qc5 19. Bb4 Qc7 20. Bc3 Bxc3 21.
Qxc3 Ba6 22. Qe3 Rae8 23. Rac1 Qc5 24. Nd4 Bb7 25. Qf4 Rh7 26. Qg4+ Kc7 27.
Nb5+ Kb8 28. Qd7 Rhh8 29. Rxe7 Rxe7 30. Qxe7 Bxd5 31. Qxa7+ Kc8 32. Nxd6+ Kd8
33. Qb8+ Kd7 34. Qxh8 Bc6 35. Nxf7 Qe7 36. Ne5+ Kc7 37. Nxc6 Kxc6 38. Qc8+ 1-0

[Event "4NCL Division 4 South"]
[Site "Reading, ENG"]
[Date "2017.11.11"]
[Round "1.207"]
[White "Donaghay, Richard H"]
[Black "Foster, Timothy"]
[Result "1/2-1/2"]
[WhiteElo "1839"]
[BlackElo "1895"]
[PlyCount "83"]
[EventDate "2017.11.11"]
[WhiteTeam "Iceni 2"]
[BlackTeam "Oxford 3"]

1. e4 c5 2. Nc3 g6 3. f4 Bg7 4. Nf3 d6 5. Bc4 Nc6 6. O-O Nf6 7. d3 Bg4 8. h3
Bxf3 9. Qxf3 Nd4 10. Qf2 O-O 11. a3 e6 12. Ba2 d5 13. e5 Nd7 14. Nd1 b5 15. c3
Nc6 16. Be3 Qb6 17. b4 d4 18. cxd4 cxd4 19. Bd2 Rac8 20. Qh4 Qd8 21. Qg3 Ne7
22. Qf3 Rc2 23. Rf2 Qa8 24. Qg4 Nd5 25. Bb3 Rc7 26. Rc1 Rfc8 27. Rxc7 Rxc7 28.
Qf3 N7b6 29. Rf1 Ne7 30. Qxa8+ Nxa8 31. Nf2 Nb6 32. Ne4 Nbd5 33. g4 a6 34. Kf2
Rc6 35. Rc1 Rxc1 36. Bxc1 h6 37. Nc5 Nc7 38. Kf3 Nc6 39. Ke4 Bf8 40. Bb2 a5 41.
Nd7 axb4 42. Nxf8 1/2-1/2

[Event "4NCL Division 4 South"]
[Site "Reading, ENG"]
[Date "2017.11.11"]
[Round "1.203"]
[White "Pozimski, Szymon"]
[Black "Cook, Brian"]
[Result "1-0"]
[WhiteElo "1987"]
[BlackElo "1712"]
[PlyCount "59"]
[EventDate "2017.11.11"]
[WhiteTeam "Oxford 3"]
[BlackTeam "Brown Jack 3"]

1. e4 e6 2. d4 d5 3. Nc3 Bb4 4. Nge2 c5 5. dxc5 dxe4 6. Qxd8+ Kxd8 7. Bg5+ f6
8. O-O-O+ Nd7 9. Be3 Bxc3 10. Nxc3 Ke7 11. Nxe4 Nh6 12. f3 Nf5 13. Bf2 h5 14.
Be2 Ne5 15. g4 hxg4 16. fxg4 Nh4 17. Bg3 Nhg6 18. h4 f5 19. gxf5 exf5 20. Nd6
f4 21. Bf2 Bg4 22. Bxg4 Nxg4 23. Bd4 N6e5 24. Rde1 Rh5 25. Rhg1 Kf8 26. Re4 g5
27. hxg5 Rxg5 28. Rxf4+ Ke7 29. Bxe5 Rag8 30. Bd4 1-0

[Event "4NCL Division 4 South"]
[Site "Reading, ENG"]
[Date "2017.11.11"]
[Round "1.206"]
[White "Dray-Pearce, Tristan"]
[Black "Starkie, Ray J"]
[Result "0-1"]
[WhiteElo "1640"]
[BlackElo "2005"]
[PlyCount "91"]
[EventDate "2017.11.11"]
[WhiteTeam "Brown Jack 3"]
[BlackTeam "Oxford 3"]

1. e4 c5 2. Nf3 g6 3. d4 cxd4 4. Nxd4 Bg7 5. c4 Nc6 6. Be3 Nf6 7. f3 O-O 8. Nc3
d6 9. Be2 Bd7 10. Rc1 Nxd4 11. Qxd4 Ng4 12. Qd2 Nxe3 13. Qxe3 Qa5 14. a3 Rfc8
15. O-O Be6 16. Nd5 Bxd5 17. b4 Qb6 18. Qxb6 axb6 19. exd5 Rxa3 20. Rfd1 Ra2
21. Kf1 Bh6 22. Rb1 Bg7 23. b5 Rca8 24. h3 Be5 25. Rb3 Bg3 26. Re3 Kf8 27. Re4
Rb2 28. Rg4 Be5 29. f4 h5 30. Rg3 Bxf4 31. Rgd3 Raa2 32. Bf3 Rc2 33. Rd4 Be5
34. Re4 f5 35. Re2 Rxe2 36. Bxe2 Bg3 37. Bd3 Kf7 38. Rc1 Rf2+ 39. Kg1 Rd2 40.
Bf1 Be5 41. Kh1 Kf6 42. Kg1 Kg5 43. Kh1 Kf4 44. Kg1 Kg3 45. Kh1 f4 46. Re1 0-1

[Event "4NCL Division 4 South"]
[Site "Reading, ENG"]
[Date "2017.11.11"]
[Round "1.209"]
[White "Bush, Ian"]
[Black "Ashraf, Zoha"]
[Result "1-0"]
[WhiteElo "1885"]
[BlackElo "1360"]
[PlyCount "49"]
[EventDate "2017.11.11"]
[WhiteTeam "Oxford 3"]
[BlackTeam "Brown Jack 3"]

1. e4 e6 2. d4 d5 3. Nc3 Bb4 4. e5 c5 5. a3 Bxc3+ 6. bxc3 Qc7 7. Nf3 cxd4 8.
cxd4 Ne7 9. Bd3 O-O 10. O-O b6 11. a4 Ba6 12. Ba3 Bxd3 13. Qxd3 f6 14. Rfe1
fxe5 15. Ng5 Rf5 16. Rxe5 Ng6 17. Rxf5 exf5 18. Qxf5 Qd7 19. Qd3 Qxa4 20. Qh3
Ne7 21. Qxh7+ Kf8 22. Bxe7+ Kxe7 23. Rxa4 Kf6 24. Ra3 Kxg5 25. Rf3 1-0

[Event "4NCL Division 4 South"]
[Site "Reading, ENG"]
[Date "2017.11.11"]
[Round "1.202"]
[White "O'Byrne, Daniel"]
[Black "Ortiz Sanchez, Luis"]
[Result "0-1"]
[WhiteElo "1723"]
[BlackElo "1868"]
[PlyCount "118"]
[EventDate "2017.11.11"]
[WhiteTeam "Brown Jack 3"]
[BlackTeam "Iceni 2"]

1. e4 c5 2. Nf3 g6 3. d4 cxd4 4. Nxd4 Nf6 5. Nc3 Nc6 6. Be3 Bg7 7. f3 O-O 8.
Qd2 d5 9. exd5 Nxd5 10. Nxd5 Nxd4 11. Nc3 e5 12. O-O-O Qa5 13. Bc4 Rd8 14. Kb1
Bf5 15. Ne4 Qc7 16. Bd3 Be6 17. Ng5 Bc4 18. Qc3 Rdc8 19. Bxc4 Qxc4 20. Bxd4 Qa4
21. Qb3 Qxb3 22. axb3 exd4 23. Rd3 Re8 24. Ne4 a6 25. Kc1 Re7 26. Rdd1 Rae8 27.
Ng3 h5 28. h4 f5 29. Rdf1 Re3 30. Rd1 Be5 31. Nf1 Re2 32. g3 Rc8 33. Rd2 d3 34.
c3 Rd8 35. Kd1 Re8 36. Kc1 Bb8 37. Rxd3 Ba7 38. Rd2 R2e7 39. f4 Kf8 40. Kc2 Re1
41. Rd1 R8e2+ 42. Rd2 Kf7 43. Rh2 Rxd2+ 44. Nxd2 Rg1 45. Nc4 Rxg3 46. Nd6+ Kf6
47. Nxb7 Be3 48. c4 Bxf4 49. Rf2 Be3 50. Re2 f4 51. c5 f3 52. Re1 f2 53. Rf1
Rg1 54. Rxf2+ Bxf2 55. Nd6 Ke6 56. Ne4 Bxh4 57. c6 Bd8 58. Nc5+ Kd6 59. Nb7+
Kc7 0-1

[Event "4NCL Division 4 South"]
[Site "Reading, ENG"]
[Date "2017.11.11"]
[Round "1.205"]
[White "Gibbs, Dominic V"]
[Black "Jamieson, Alexander"]
[Result "1-0"]
[WhiteElo "1842"]
[BlackElo "1573"]
[PlyCount "81"]
[EventDate "2017.11.11"]
[WhiteTeam "Iceni 2"]
[BlackTeam "Brown Jack 3"]

1. e4 c5 2. Nc3 d6 3. f4 g6 4. Nf3 Bg7 5. Bc4 Nc6 6. O-O e6 7. d3 Nge7 8. Qe1
Nd4 9. Nxd4 cxd4 10. Ne2 O-O 11. f5 exf5 12. Qh4 fxe4 13. Bg5 Nf5 14. Bxd8 Nxh4
15. Bxh4 exd3 16. cxd3 Bg4 17. Ng3 Be6 18. Bxe6 fxe6 19. Be7 Rxf1+ 20. Rxf1 d5
21. Rc1 Be5 22. Ne2 Re8 23. Bh4 Rf8 24. Bf2 Bxh2+ 25. Kxh2 Rxf2 26. Rc2 Kg7 27.
Nxd4 Rxc2 28. Nxc2 Kf6 29. Kg3 e5 30. Kf3 h6 31. Ne3 Ke6 32. Ng4 h5 33. Nf2 g5
34. Nd1 d4 35. Ke4 b5 36. Nf2 g4 37. b4 g3 38. Nh3 Kf6 39. Ng1 Ke6 40. Nf3 Kf6
41. Nxe5 1-0

[Event "4NCL Division 4 South"]
[Site "Reading, ENG"]
[Date "2017.11.11"]
[Round "1.208"]
[White "Kamotski, Sasha"]
[Black "Kapoor, Gurveen"]
[Result "0-1"]
[WhiteElo "1487"]
[BlackElo "1723"]
[PlyCount "62"]
[EventDate "2017.11.11"]
[WhiteTeam "Brown Jack 3"]
[BlackTeam "Iceni 2"]

1. e4 g6 2. d4 Bg7 3. Nf3 c6 4. Nc3 d6 5. Bc4 Nf6 6. Bg5 O-O 7. O-O b5 8. Bb3
b4 9. Bxf6 Bxf6 10. Ne2 Nd7 11. Qd2 a5 12. a3 Ba6 13. Rfe1 c5 14. c3 c4 15. Bc2
b3 16. Bd1 e6 17. Ng3 h5 18. e5 dxe5 19. dxe5 Bg7 20. Nd4 Nxe5 21. Qe3 Bb7 22.
Nde2 Ng4 23. Qc1 Qb6 24. Rf1 Qd6 25. f3 Qb6+ 26. Kh1 Nf2+ 27. Rxf2 Qxf2 28.
Bxb3 cxb3 29. Nf4 Bxf3 30. gxf3 Qxf3+ 31. Kg1 Bh6 0-1